| 000 | 01354nam a2200325 a 4500 | ||
|---|---|---|---|
| 003 | BLK | ||
| 005 | 20250623084029.0 | ||
| 008 | 180411b bul|||||r ||||||| ||bul|| | ||
| 020 | _a978-619-200-005-9 | ||
| 020 | _a9786192000059 | ||
| 040 | _aBLK | ||
| 041 |
_aBUL _cBUL |
||
| 080 |
_aАмериканска литература (на САЩ) _b821.111(73) _x-312.9 _z821.111(73)-312.9 |
||
| 100 | 1 |
_aДе ла Круз, Мелиса _9339422 |
|
| 245 | 1 | 0 |
_aВетровете на Салем _cМелиса Де ла Круз; прев. Виолина Димова; прев. Невена Янакиева. |
| 257 | _aUSA | ||
| 260 |
_aСофия _bЕклиптик _c2014 _fСофия : Алианс принт |
||
| 300 |
_a312 с. _c21 см |
||
| 380 | _aX | ||
| 490 |
_aСемейство Бошан _vкн. 3 |
||
| 500 | _aОриг. загл.: Winds of Salem / Melissa de la Cruz. - Кн. 3 от Семейство Бошан | ||
| 700 | 1 |
_aДимова, Виолина Димитрова _eпрев. _9341126 |
|
| 700 | 1 |
_aЯнакиева, Невена _eпрев. _9341127 |
|
| 852 |
_aЦб 279423 _bЦб |
||
| 852 |
_bП _c821-31/Д 30 М |
||
| 856 | 4 | _qpdf | |
| 942 |
_cKNG _n0 _01 |
||
| 944 |
_aCR _c10.02.2016 _k30530 _lМинев Младен |
||
| 999 |
_c177699 _d177699 |
||